Código de Derecho Canónico y Legislación complementaria: texto latino y versión castellana, con jurisprudencia y comentarios
Tallennettuna:
| Päätekijät: | , , |
|---|---|
| Aineistotyyppi: | Kirja |
| Kieli: | espanja latina |
| Julkaistu: |
Madrid
Católica
1954
|
| Painos: | 5a. ed |
| Sarja: | Biblioteca de Autores Cristianos, 7
|
| Aiheet: | |
| Tagit: |
Lisää tagi
Ei tageja, Lisää ensimmäinen tagi!
|
MARC
| LEADER | 00000nam a2200000 a 4500 | ||
|---|---|---|---|
| 001 | UCK5523 | ||
| 003 | CL-VaPUC | ||
| 008 | 050805e19540000SP |||||||||||||||||spa|d | ||
| 041 | 0 | 7 | |a spa |2 CL-VaPUC |
| 041 | 0 | 7 | |a lat |2 CL-VaPUC |
| 082 | 0 | 4 | |a 262.9 |b MIG |2 21 |
| 100 | |a Miguélez Domínguez, Lorenzo |e autor |9 494321 | ||
| 700 | 0 | |a Alonso Morán, Sabino |e author |9 494322 | |
| 700 | 0 | |a Cabreros de Anta, Marcelino |e author |9 494323 | |
| 245 | 1 | 0 | |a Código de Derecho Canónico y Legislación complementaria: texto latino y versión castellana, con jurisprudencia y comentarios |
| 250 | |a 5a. ed | ||
| 300 | |a 1092 p | ||
| 942 | |c BK | ||
| 945 | |d 20050805 00:00:00 |a cmena | ||
| 260 | |a Madrid |b Católica |c 1954 | ||
| 650 | 7 | |a DERECHO CANONICO |2 CL-VaPUC |9 494324 | |
| 650 | 7 | |a CODIGO DE DERECHO CANONICO |2 CL-VaPUC |9 403253 | |
| 650 | 0 | |a Iglesia Católica |9 256114 | |
| 583 | |a last modification |c 20050805 00:00:00 |k Rodrigo Vera | ||
| 490 | 0 | |a Biblioteca de Autores Cristianos, 7 | |
| 999 | |c 314029 |d 314027 | ||
| 952 | |0 0 |1 0 |4 0 |6 262_900000000000000_MIG_1954 |7 0 |8 F |9 385903 |a BIBDER |b BIBDER |d 2019-11-22 |i 4130278 |o 262.9 MIG 1954 |p 4130278 |r 2023-01-25 |w 2019-11-22 |y BK_F |k DER | ||